000 00429nam a2200181Ia 4500
008 180207s9999 xx 000 0 und d
020 _a9781595662634
050 _bB571 2004
100 _aBevan, Clare
245 _aSaid mouse to mole /
245 _cby Clare Bevan.
260 _aNew York :
260 _bQEB Publishing,
260 _c2004
300 _aunpaged :
300 _bcolor illustration ;
300 _c21cm.
999 _c355518
_d355518